Personnages célèbres - Série 34 - Statistiques

Statistiques générales
  • Ce quiz a été pris 157 fois
  • Le résultat moyen est 6 sur 15
Statistiques - réponses
Par images Réponse % Correct
Harrison Ford
82%
Catherine Frot
69%
José Garcia
65%
Julie Gayet
54%
Jodie Foster
53%
Marion Game
51%
Jane Fonda
50%
Brigitte Fossey
47%
Daniel Gélin
29%
Farrah Fawcett
26%
Judy Garland
20%
Ava Gardner
19%
Greta Garbo
19%
Thierry Frémont
19%
Andréa Ferreol
16%
Aucun quiz correspondant
Distribution des résultats
% des personnes avec chaque résultat
Percentile par nombre de réponses
Votre historique - résultats
Vous n’avez pas pris ce quiz